| 000 | 005050000a22001690004500 | ||
|---|---|---|---|
| 003 | MACL | ||
| 005 | 20160113123656.0 | ||
| 008 | 160113b xxu||||| |||| 00| 0 eng d | ||
| 040 |
_aMACL _cMACL |
||
| 041 | _aEnglish | ||
| 082 | _a916.2/FRI | ||
| 100 |
_aFriedrich, Adolf _931653 |
||
| 245 |
_aFrom The Congo To The Niger and The Nile _bAn Account of The German Central African Expendition of 1910-1911 |
||
| 260 |
_bDuckworth & co _c1913 _aLondon |
||
| 650 |
_aTravel _931654 |
||
| 942 |
_cBK _k916.2/FRI _2ddc |
||
| 999 |
_c38044 _d38044 |
||